000 00557nam a2200229Ia 4500
003 OSt
005 20221005131952.0
006 a|||||r|||| 00| 0
007 ta
008 221004b |||||||| |||| 00| 0 eng d
024 _a36584
037 _cTextual
040 _aCRL
_cCRL
_beng
041 _2eng
_aeng
082 _aN(Q).2, K7
100 _aMookerjee Ajit
245 0 _aTantra art
_b Its philosophy and Physics
260 _c1967
650 _aARTS
942 _hN(Q).2, K7
_cTEXL
_2cc
999 _c1061998
_d1061998